000 00578nam a22001817a 4500
005 20251108164953.0
008 250721s1990 xx 000 0 ara d
082 1 4 _a658.15/عبد
100 1 _aكراجه، عبد الحليم
245 1 0 _aالإدارة المالية بين النظرية و التطبيق /
264 1 _aاربد :
_bدار الأمل للنشر والتوزيع،
_c1990.
300 _a232ص
650 1 7 _aالإدارة المالية
700 1 _aالأخرس، عاطف
700 1 _aشقير، فائق
942 _2ddc
_cBK
999 _c18702
_d18702